LDR 01011naa#a2200205#i#450# 001 RU\\bibl\126625 005 20260703180025.5 011 ## _a2587-6740 100 ## _a20260615b2026####ek#y0rusy0150####ca 102 ## _aRU 200 1# _aСовершенствование механизмов регулирования межотраслевых пропорций в агропромышленном комплексе Краснодарского края _eЖурнальная статья 210 1# _aМосква _cЭлектронная наука _d2026 215 ## _a4 с. 608 ## _aЖурнальная статья _2local 675 ## _aФункциональные зоны. 332.122.62 _aОрганизация. 332.154 _z 700 #1 _aГурнович _gТатьяна Генриховна 700 #1 _aМокрушин _gАлександр Александрович 700 #1 _aНовоселова _gАнна Ильинична 700 #1 _aДемченко _gДмитрий Алексеевич 856 4# _aqje.su _u